[Event "IV Amateur Open"]
[Site "Calvia ESP"]
[Date "2007.10.07"]
[Round "2"]
[White "Grichkevitch,G"]
[Black "Oliver Serrano,A"]
[Result "1-0"]
[WhiteElo "2171"]
[BlackElo "2094"]

1.e4 c5 2.Nf3 Nc6 3.Bb5 g6 4.Bxc6 bxc6 5.O-O Bg7 6.Re1 d6 7.h3 Nh6 8.c3 O-O
9.d4 cxd4 10.cxd4 f6 11.d5 c5 12.Nc3 Nf7 13.Qc2 e5 14.dxe6 Bxe6 15.Bf4 Qb6
16.Rad1 Rfd8 17.Nd5 Bxd5 18.exd5 Re8 19.Re6 Rxe6 20.dxe6 Ne5 21.Bxe5 fxe5
22.Qc4 Bf6 23.e7+ Kg7 24.Qe6 Re8 25.Rxd6  1-0

[Event "GM"]
[Site "Corfu GRE"]
[Date "2007.10.09"]
[Round "8"]
[White "Dembo,Y"]
[Black "Kapnisis,S"]
[Result "1/2-1/2"]
[WhiteElo "2448"]
[BlackElo "2411"]

1.e4 c5 2.Nf3 Nc6 3.Bb5 g6 4.Bxc6 bxc6 5.O-O Bg7 6.Re1 Nh6 7.c3 O-O 8.h3 f6
9.d4 cxd4 10.cxd4 Nf7 11.Nc3 d6 12.b3 Bd7 13.Bb2 Qc7 14.Rc1 Qb7 15.Qd3 a5
16.Re2 Rac8 17.Ba3 Rfd8 18.Rd1 Be6  1/2-1/2

[Event "3rd Arctic Cup"]
[Site "Salekhard RUS"]
[Date "2007.10.09"]
[Round "2"]
[White "Salnikov,P"]
[Black "Potapov,P"]
[Result "0-1"]
[WhiteElo "2146"]
[BlackElo "2379"]

1.e4 c5 2.Nf3 Nc6 3.Bb5 g6 4.Bxc6 dxc6 5.d3 Bg7 6.h3 Nh6 7.Nc3 f6 8.Be3 b6
9.Qd2 Nf7 10.O-O e5 11.Nh2 O-O 12.Ng4 f5 13.Nh6+ Bxh6 14.Bxh6 Re8 15.exf5 g5
16.f4 gxf4 17.Bxf4 exf4 18.Rxf4 Nd6 19.f6 Rf8 20.Raf1 Kh8 21.Ne4 Nf7 22.Rh4 Rg8
23.Qe2 Rg6 24.Nd6 Nxd6 25.f7 Bf5 26.Qh5 Rg7  0-1

[Event "Lendas do Xadrez"]
[Site "Rio de Janeiro BRA"]
[Date "2007.10.12"]
[Round "1"]
[White "Chauca,J"]
[Black "Mathow,H"]
[Result "0-1"]
[WhiteElo "2139"]
[BlackElo "2003"]

1.e4 c5 2.Nf3 Nc6 3.Bb5 g6 4.O-O Bg7 5.Re1 d6 6.c3 Nf6 7.d4 cxd4 8.cxd4 a6
9.Bxc6+ bxc6 10.Nc3 O-O 11.h3 Bd7 12.Be3 Rb8 13.Qd2 Qa5 14.Bh6 Qh5 15.Bxg7 Kxg7
16.e5 Nd5 17.Re4 Qh6 18.Ng5 Nxc3 19.bxc3 d5 20.Re2 Kg8 21.Rd1 e6 22.f4 Qg7
23.Qd3 Rb6 24.Nf3 Rfb8 25.Nh2 h5 26.Nf3 a5 27.g4 Rb2 28.Rxb2 Rxb2 29.Rb1 Rxb1+
30.Qxb1 hxg4 31.hxg4 Qh6 32.Qb8+ Kg7 33.g5 Qh5 34.Kf2 Qh8 35.Qc7 Qc8 36.Qxa5 Qb7
37.Qb4 Bc8 38.a3 Qa7 39.Ke3 Ba6 40.a4 Bc4 41.Nd2 Ba6 42.Qa5 Qb7 43.Qb4 Qa7
44.Nf3 Bf1 45.a5 Qa6 46.Kf2 Qe2+ 47.Kg3 Qg2+  0-1

[Event "TCh-HUN 2007-8"]
[Site "Budapest HUN"]
[Date "2007.10.14"]
[Round "1"]
[White "Boros,De"]
[Black "Kerek,K"]
[Result "1/2-1/2"]
[WhiteElo "2460"]
[BlackElo "2304"]

1.e4 c5 2.Nf3 Nc6 3.Bb5 Qc7 4.c3 Nf6 5.Qe2 e6 6.O-O a6 7.Ba4 b5 8.Bc2 Bb7
9.a4 b4 10.d3 d6 11.Nbd2 Be7 12.Re1 O-O 13.Nf1 bxc3 14.bxc3 Na5 15.Be3 Rab8
16.Rab1 Ba8 17.N1d2  1/2-1/2

[Event "WJun Girls"]
[Site "Yerevan ARM"]
[Date "2007.10.16"]
[Round "13"]
[White "Hoolt,S"]
[Black "Alaverdyan,L"]
[Result "1-0"]
[WhiteElo "2199"]
[BlackElo "1990"]

1.e4 c5 2.Nf3 Nc6 3.Bb5 g6 4.O-O Bg7 5.Re1 Nf6 6.c3 O-O 7.h3 d5 8.e5 Ne8
9.d4 cxd4 10.cxd4 Nc7 11.Bxc6 bxc6 12.Nc3 Na6 13.Bg5 f6 14.exf6 exf6 15.Bf4 Kh8
16.Qd2 g5 17.Bh2 Bf5 18.Na4 Be4 19.Qc3 Qd7 20.Nd2 Rfe8 21.Nb3 Bf8 22.a3 Bd6
23.Bxd6 Qxd6 24.Rac1 Rac8 25.Na5 Nb8 26.b4 Bg6 27.Nc5 Rxe1+ 28.Rxe1 Re8 29.Rxe8+ Bxe8
30.Qe3 Bd7 31.Nab7 Qf8 32.Qg3 Kg8 33.h4 h6 34.hxg5 fxg5 35.Qe5 Qf4 36.Nxd7 Nxd7
37.Qe6+ Kh8 38.Qxh6+ Kg8 39.Qe6+ Kf8 40.Qxd7 Qc1+ 41.Kh2 Qf4+ 42.g3 Qxf2+
43.Kh3 Qf1+ 44.Kg4 Qe2+ 45.Kxg5 Qe3+ 46.Kh5 Qf3+ 47.g4 Kg8 48.Nd6 Qh3+ 49.Kg6 Qd3+
50.Nf5  1-0

[Event "3rd Arctic Cup"]
[Site "Salekhard RUS"]
[Date "2007.10.17"]
[Round "10"]
[White "Savitskiy,S"]
[Black "Volcik,L"]
[Result "1-0"]
[WhiteElo "2095"]
[BlackElo "2032"]

1.e4 c5 2.Nf3 Nc6 3.Bb5 g6 4.O-O Bg7 5.c3 Nf6 6.Re1 O-O 7.d4 cxd4 8.cxd4 d5
9.e5 Ne4 10.Bxc6 bxc6 11.Nbd2 Nxd2 12.Nxd2 c5 13.dxc5 Qc7 14.Nf3 Qxc5 15.Be3 Qb5
16.Qd2 Rd8 17.Nd4 Qb7 18.Bf4 Qb6 19.Rad1 Bg4 20.f3 Be6 21.b3 Rac8 22.Bg3 Rc7
23.Bf2 Qa6 24.h3 Rdc8 25.a4 Qb7 26.Re2 a6 27.Kh2 Rc3 28.f4 Qc7 29.Be3 Qd7
30.Qe1 h5 31.Qf2 Bf5 32.Ree1 Bc2 33.Nxc2 Rxc2 34.Rd2 R2c3 35.Rb1 Qf5 36.Rbb2 e6
37.g3 Bf8 38.b4 Rb8 39.b5 Ba3 40.Rbc2 Rxc2 41.Rxc2 axb5 42.Ba7 Ra8 43.axb5 Qe4
44.b6 d4 45.Qg2 Qxg2+ 46.Rxg2  1-0

[Event "Blindfold World Cup"]
[Site "Bilbao ESP"]
[Date "2007.10.19"]
[Round "8"]
[White "Karjakin,Sergey"]
[Black "Topalov,V"]
[Result "0-1"]
[WhiteElo "2694"]
[BlackElo "2769"]

1.e4 c5 2.Nf3 Nc6 3.Bb5 Nf6 4.Nc3 g6 5.Bxc6 dxc6 6.h3 Bg7 7.d3 O-O 8.Be3 b6
9.Qd2 e5 10.Bh6 Qd6 11.Bxg7 Kxg7 12.O-O-O a5 13.g4 a4 14.Ne2 Ra7 15.Ng3 Re7
16.g5 Ne8 17.Qc3 Nc7 18.Rdf1 Nb5 19.Qd2 a3 20.b3 f6 21.c4 Nd4 22.gxf6+ Rxf6
23.Ne1 Nf3 24.Qe3 Nxe1 25.Rxe1 Ref7 26.Rhg1 Rf3 27.Nh5+ Kh8 28.Qh6 Qxd3 29.Re3 Rxe3
30.fxe3 Qc3+ 31.Kd1 Qa1+  0-1

[Event "TCh-ROU Superliga"]
[Site "Predeal ROU"]
[Date "2007.10.19"]
[Round "7"]
[White "Sofronie,I"]
[Black "Zamfir,I"]
[Result "1-0"]
[WhiteElo "2459"]
[BlackElo "2115"]

1.e4 c5 2.Nf3 Nc6 3.Bb5 Qb6 4.Nc3 e6 5.O-O a6 6.Bxc6 Qxc6 7.d4 cxd4 8.Qxd4 d6
9.a4 b6 10.Be3 Rb8 11.Rfd1 Qc7 12.Bf4 Qc5 13.Bxd6 Bxd6 14.Qxd6 Qxd6 15.Rxd6 Nf6
16.Ne5 O-O 17.f3 Ne8 18.Rd8 Nc7 19.Rad1  1-0

[Event "Open A"]
[Site "Arco di Trento ITA"]
[Date "2007.10.20"]
[Round "1"]
[White "Valenti,G"]
[Black "Moro,R"]
[Result "1-0"]
[WhiteElo "2207"]
[BlackElo "1887"]

1.e4 c5 2.Nf3 Nc6 3.Bb5 Nd4 4.Nxd4 cxd4 5.O-O e5 6.f4 d3 7.Bxd3 Bc5+ 8.Kh1 d6
9.fxe5 dxe5 10.Qh5 Qe7 11.Bb5+ Kf8 12.Nc3 Nf6 13.Qh4 Be6 14.h3 h6 15.d3 Nh7
16.Qxe7+ Kxe7 17.Bd2 Raf8 18.Ne2 f5 19.exf5 Bxf5 20.Bc3 Bd6 21.Ng3 Bd7 22.Bxd7 Kxd7
23.Nf5 Rhg8 24.Nxd6 Rxf1+ 25.Rxf1 Kxd6 26.Rf7  1-0

[Event "TCh-ROU Superliga"]
[Site "Predeal ROU"]
[Date "2007.10.20"]
[Round "8"]
[White "Burlacu,B"]
[Black "Zamfir,I"]
[Result "1-0"]
[WhiteElo "2245"]
[BlackElo "2115"]

1.e4 c5 2.Nf3 Nc6 3.Bb5 d6 4.O-O Bd7 5.c3 Nf6 6.Re1 a6 7.Ba4 b5 8.Bc2 Bg4
9.d3 g6 10.Nbd2 Bg7 11.h3 Bxf3 12.Nxf3 O-O 13.Be3 b4 14.Ba4 Qc7 15.Bxc6 Qxc6
16.cxb4 cxb4 17.Rc1 Qb7 18.Re2 Rfc8 19.Rec2 Ne8 20.Nd4 Bxd4 21.Bxd4 Nc7 22.Be3 b3
23.Rc6 Ne6 24.Rxc8+ Rxc8 25.Rxc8+ Qxc8 26.Qxb3 f6 27.Qc4 Qxc4 28.dxc4 f5
29.exf5 gxf5 30.b4  1-0

[Event "TCh-BEL 2007-8"]
[Site "Belgium BEL"]
[Date "2007.10.21"]
[Round "2"]
[White "Coenen,N"]
[Black "Wiersma,E"]
[Result "0-1"]
[WhiteElo "2369"]
[BlackElo "2426"]

1.e4 c5 2.Nf3 Nc6 3.Bb5 g6 4.Bxc6 bxc6 5.O-O Bg7 6.Re1 Nf6 7.e5 Nd5 8.c4 Nc7
9.d4 cxd4 10.Qxd4 d6 11.Nc3 Ne6 12.Qh4 dxe5 13.Nxe5 Qc7 14.Nf3 h6 15.Bd2 Rb8
16.Rab1 g5 17.Qe4 O-O 18.h3 Rd8 19.h4 Nd4 20.Rbd1 Bf5 21.Qxe7 Qxe7 22.Rxe7 Nxf3+
23.gxf3 Bc2  0-1

[Event "IV Veterans"]
[Site "Calvia ESP"]
[Date "2007.10.21"]
[Round "7"]
[White "Pomar Mir,F"]
[Black "Klempt,G"]
[Result "1/2-1/2"]
[WhiteElo "1970"]
[BlackElo "2091"]

1.e4 c5 2.Nf3 Nc6 3.Bb5 d6 4.O-O Bd7 5.Re1 e6 6.d4 cxd4 7.Nxd4 Nf6 8.Nc3 Be7
9.Nxc6 Bxc6 10.Bf4 O-O 11.Bd3 Qb6 12.Rb1 Rfd8 13.Qe2 a6 14.Be3 Qc7 15.a4 d5
16.exd5 Nxd5 17.Nxd5 Bxd5 18.b4 Rac8 19.Rec1 Bc4 20.a5 Bxd3 21.cxd3 Qd7 22.Bb6 Rxc1+
23.Rxc1 Rc8 24.Rb1 Bxb4 25.g3 Be7 26.d4 h6 27.Qf3 Qc6 28.Qxc6 Rxc6 29.Ba7 Rc7
30.Kg2 Kf8 31.Kf3 Ke8 32.Ke4 Kd7 33.Bb8 Rc2 34.Rxb7+ Kd8 35.Ba7 Rxf2 36.Bb6+ Ke8
37.Rb8+ Kd7 38.Rb7+  1/2-1/2

[Event "ch-Euro Blitz"]
[Site "Ajaccio FRA"]
[Date "2007.10.25"]
[Round "5"]
[White "Mchedlishvili,M"]
[Black "Gil,L"]
[Result "1-0"]
[WhiteElo "2631"]
[BlackElo "1854"]

1.e4 c5 2.Nf3 Nc6 3.Bb5 g6 4.Bxc6 bxc6 5.d4 cxd4 6.Qxd4 Nf6 7.e5 Nd5 8.O-O Bg7
9.c4 Nb6 10.Qh4 Qc7 11.Re1 c5 12.Bg5 e6 13.Nc3 a6 14.Ne4 Nxc4 15.Nf6+ Bxf6
16.Bxf6 Qd8  1-0

[Event "ch-Euro Blitz"]
[Site "Ajaccio FRA"]
[Date "2007.10.25"]
[Round "6"]
[White "Bauer,Ch"]
[Black "Battesti,S"]
[Result "1-0"]
[WhiteElo "2634"]
[BlackElo "1935"]

1.e4 c5 2.Nf3 Nc6 3.Bb5 d6 4.c3 e5 5.d4 cxd4 6.cxd4 Qb6 7.Nc3 exd4 8.Nd5 Qd8
9.Nxd4 Bd7 10.O-O a6 11.Ba4 b5 12.Bb3 Nf6 13.Bg5 Be7 14.Nxe7 Qxe7 15.Bd5 Rc8
16.Bxc6 Bxc6 17.Nf5  1-0

[Event "22nd GP Open A"]
[Site "Le Touquet FRA"]
[Date "2007.10.27"]
[Round "1"]
[White "Handke,F"]
[Black "Hadet,E"]
[Result "1-0"]
[WhiteElo "2497"]
[BlackElo "2018"]

1.e4 c5 2.Nf3 Nc6 3.Bb5 e6 4.O-O Nge7 5.Re1 Qc7 6.c3 a6 7.Bf1 Ng6 8.d4 d6
9.Na3 Be7 10.d5 Nb8 11.dxe6 Bxe6 12.Ng5 b5 13.Nxe6 fxe6 14.Nc2 O-O 15.a4 bxa4
16.Ne3 Kh8 17.Rxa4 Nc6 18.g3 a5 19.Bh3 Qd7 20.f4 Nxf4 21.gxf4 Rxf4 22.Nf5 Rxf5
23.exf5 exf5 24.Qd5 Rf8 25.Bf4 Nb4 26.cxb4 Qxa4 27.Rxe7 Qa1+ 28.Bf1 Qxb2
29.bxa5 Qb4 30.Qf7 Rg8 31.Re8 Qd4+ 32.Kh1  1-0

[Event "7th Rohde Open"]
[Site "Sautron FRA"]
[Date "2007.10.27"]
[Round "1"]
[White "Bojkov,D"]
[Black "Delorme,Al"]
[Result "1-0"]
[WhiteElo "2520"]
[BlackElo "2245"]

1.e4 c5 2.Nf3 Nc6 3.Bb5 e6 4.O-O Nge7 5.b3 Ng6 6.Bb2 f6 7.Re1 Be7 8.c3 O-O
9.d4 Qb6 10.Bf1 Qc7 11.Nbd2 b6 12.g3 d6 13.h4 Nd8 14.Nc4 Nh8 15.Qd2 Bb7 16.d5 e5
17.a4 Bc8 18.Bg2 Nhf7 19.Ne3 g6 20.Nc4 Re8 21.Nh2 Bf8 22.f4 Bg7 23.Ne3 Bd7
24.f5 g5 25.Bf3 h6 26.Bh5 Bc8 27.Nf3 Kf8 28.Ng4 Ke7 29.Re2 Rh8 30.Rh2 Bd7
31.Kg2 Nb7 32.Rah1 Raf8 33.Bxf7 Kxf7 34.hxg5 hxg5 35.Nxg5+ fxg5 36.Qxg5 Rxh2+
37.Rxh2 Rh8 38.Rxh8  1-0

[Event "2nd MAIG Team Standard"]
[Site "Macau CHN"]
[Date "2007.10.28"]
[Round "2"]
[White "Otgonjargal,S"]
[Black "Sukandar,I"]
[Result "0-1"]
[WhiteElo "2168"]
[BlackElo "2275"]

1.e4 c5 2.Nf3 Nc6 3.Bb5 g6 4.O-O Bg7 5.Re1 Nf6 6.d3 O-O 7.c3 d6 8.h3 Bd7
9.Ba4 a6 10.Bc2 Rc8 11.Nbd2 b5 12.Nf1 h6 13.Be3 b4 14.Rc1 Be6 15.Bb1 Qa5
16.c4 Nd7 17.b3 Nd4 18.N3h2 Nb8 19.f4 Bd7 20.Kh1 Nbc6 21.Qd2 Kh7 22.Qf2 e5
23.g4 exf4 24.Bxf4 Ne5 25.Ne3 Bc6 26.Qg3 Ne6 27.Nd5 Bxd5 28.d4 Bb7 29.dxe5 Nxf4
30.Qxf4 dxe5 31.Qe3 f5 32.gxf5 Rxf5 33.Rf1 Rcf8 34.Rxf5 Rxf5 35.Rd1 Qc7 36.Nf3 Rf4
37.Kg2 g5 38.Kg3 Qc8 39.Nh2 Qf8 40.Rd7 Bc8 41.Rd5 Rh4 42.Ng4 Bxg4 43.hxg4 Qf1  0-1

[Event "2nd MAIG Team Standard"]
[Site "Macau CHN"]
[Date "2007.10.29"]
[Round "3"]
[White "Mas,H"]
[Black "Iwasaki,Y"]
[Result "1-0"]
[WhiteElo "2372"]
[BlackElo "2131"]

1.e4 c5 2.Nf3 Nc6 3.Bb5 g6 4.O-O Bg7 5.Bxc6 dxc6 6.d3 Bg4 7.h3 Bxf3 8.Qxf3 Nf6
9.Nc3 Qd7 10.Be3 b6 11.a4 a5 12.g4 O-O 13.Qg3 e5 14.f4 exf4 15.Bxf4 Ra7 16.Rf2 Ne8
17.Kh1 Nc7 18.Raf1 Ne6 19.Bd6 Bd4 20.e5 Bxc3 21.bxc3 Re8 22.h4 b5 23.Qe3 Qd8
24.Rf6 Rb7 25.Qf3 Qd7 26.Qe4 Qc8 27.h5 Kg7 28.Qe3 Rd7 29.Kg2 c4 30.Rh1 g5
31.h6+ Kg8 32.Rh5 Nf4+ 33.Kf3 Nxh5 34.Qxg5+ Kh8 35.Qxh5 Rg8 36.Qf5 Rg6 37.Rxg6 fxg6
38.Qf6+ Kg8 39.e6 Qd8 40.e7 Rxe7 41.Qxe7 Qxe7 42.Bxe7 Kf7 43.Bc5 cxd3 44.cxd3 g5
45.axb5 cxb5 46.d4 Kg6 47.d5  1-0

[Event "2nd MAIG Team Standard"]
[Site "Macau CHN"]
[Date "2007.10.29"]
[Round "4"]
[White "Hou Yifan"]
[Black "Harika,D"]
[Result "1-0"]
[WhiteElo "2502"]
[BlackElo "2480"]

1.e4 c5 2.Nf3 Nc6 3.Bb5 g6 4.O-O Bg7 5.Re1 Nf6 6.e5 Nd5 7.Nc3 Nc7 8.Bxc6 dxc6
9.Ne4 b6 10.Nf6+ Kf8 11.Ne4 Bg4 12.d3 Ne6 13.Ned2 Qd5 14.h3 Bxf3 15.Nxf3 Rd8
16.b3 h6 17.Bb2 Nd4 18.Bxd4 cxd4 19.e6 Bf6 20.exf7 Kxf7 21.Re4 Rd6 22.Qe2 Re6
23.Re1 Rxe4 24.dxe4 Qb5 25.e5 Qxe2 26.Rxe2 Bg7 27.Nxd4 c5 28.e6+ Kf6 29.Nc6 Rc8
30.Nxa7 Ra8 31.Nb5 Rxa2 32.Nc7 Ra1+ 33.Kh2 Kf5 34.g4+ Kf4 35.Kg2 Rd1 36.c4 Rd3
37.Nd5+ Kg5 38.Nxe7 b5 39.f4+  1-0

[Event "2nd MAIG Team Standard"]
[Site "Macau CHN"]
[Date "2007.10.30"]
[Round "5"]
[White "Xu Yuhua"]
[Black "Nguyen Thi Thanh An"]
[Result "0-1"]
[WhiteElo "2517"]
[BlackElo "2324"]

1.e4 c5 2.Nf3 Nc6 3.Bb5 e6 4.O-O Nge7 5.b3 a6 6.Bxc6 Nxc6 7.Bb2 d6 8.d4 Qf6
9.c4 Be7 10.Qd2 Qg6 11.d5 exd5 12.exd5 Bh3 13.Nh4 Bxh4 14.Qe3+ Be6 15.dxe6 fxe6
16.Qh3 Be7 17.Re1 e5 18.f4 O-O 19.Rf1 exf4 20.Qf3 Bf6 21.Bxf6 Qxf6 22.Nc3 Rae8
23.Rad1 Nd4 24.Qxb7 f3 25.Kh1 Re5 26.Ne4 Qh4 27.Ng3 f2 28.Qd7 h6 29.Rd2 Re1
30.Rd1 Rxd1 31.Rxd1 Qf6 32.h3 Qe5 33.Nf1 Rf4 34.Qd8+ Kh7 35.Qa5 Re4 36.Qd2 Re1
37.Qd3+ Kh8 38.Rd2 Ne2  0-1

[Event "2nd MAIG Team Standard"]
[Site "Macau CHN"]
[Date "2007.10.30"]
[Round "6"]
[White "Hou Yifan"]
[Black "Lumongdong,L"]
[Result "1-0"]
[WhiteElo "2502"]
[BlackElo "2151"]

1.e4 c5 2.Nf3 Nc6 3.Bb5 g6 4.O-O Bg7 5.Re1 Nf6 6.e5 Nd5 7.Nc3 Nc7 8.Bxc6 dxc6
9.Ne4 Ne6 10.d3 O-O 11.Be3 b6 12.Qd2 Nd4 13.Nxd4 cxd4 14.Bh6 c5 15.h4 Bb7
16.h5 Qd5 17.Bxg7 Kxg7 18.Qf4 h6 19.f3 Rac8 20.b3 Qe6 21.Ng3 Bd5 22.Re2 Rc6
23.Rf1 a5 24.a4 Rg8 25.hxg6 fxg6 26.Qh4 g5 27.Qh2 Kh7 28.Nh5 Qg6 29.Ref2 Qe8
30.f4 Bf7 31.Ng3 gxf4 32.Ne2 f3 33.Rxf3 Bd5 34.R3f2 Rc8 35.Nf4 Ba8 36.Qh4 Qf7
37.g3 Qg7 38.Nh5 Qg5 39.Rf7+ Kh8 40.R1f4 Qxe5 41.Rxe7 Qg5 42.Re6 Rge8 43.Qxg5 hxg5
44.Rh6+ Kg8 45.Rg6+ Kh7 46.Rff6  1-0

[Event "22nd GP Open A"]
[Site "Le Touquet FRA"]
[Date "2007.10.31"]
[Round "7"]
[White "Marchal,C"]
[Black "Levers,T"]
[Result "0-1"]
[WhiteElo "1893"]
[BlackElo "2010"]

1.e4 c5 2.Nf3 Nc6 3.Bb5 Nf6 4.Qe2 e5 5.O-O d6 6.Bxc6+ bxc6 7.c4 g6 8.d3 Bg7
9.Nc3 Qc7 10.h3 Rb8 11.b3 O-O 12.Be3 Nh5 13.Qd2 f5 14.Bh6 Nf4 15.Bxg7 Qxg7
16.Ne2 g5 17.Kh2 Rf6 18.Rh1 Be6 19.g3 Nxh3 20.Kg2 f4 21.Rxh3 Bxh3+ 22.Kxh3 g4+
23.Kh2 gxf3 24.Ng1 Qh6+  0-1

[Event "22nd GP Open A"]
[Site "Le Touquet FRA"]
[Date "2007.10.31"]
[Round "7"]
[White "De Lagontrie,J"]
[Black "Pirouelle,M"]
[Result "1-0"]
[WhiteElo "1958"]
[BlackElo "1709"]

1.e4 c5 2.Nf3 Nc6 3.Bb5 Nd4 4.Nxd4 cxd4 5.c4 e5 6.O-O Nf6 7.d3 Be7 8.f4 Bd6
9.f5 O-O 10.g4 a6 11.Ba4 h6 12.g5 hxg5 13.Bxg5 Be7 14.Nd2 d6 15.Rf2 Nh7 16.Bxe7 Qxe7
17.Rg2 Qh4 18.Nf3 Qf4 19.Qe2 Rb8 20.Rf1 b5 21.cxb5 axb5 22.Bb3 Nf6 23.Nxd4 Qh6
24.Rg6 Qh5 25.Qg2 Qh7 26.Rxf6 Rb6 27.Rf3 Qh4 28.Rg3 exd4 29.Rxg7+ Kh8 30.Rg3 Rc6
31.Bc4 bxc4 32.Rh3 Qxh3 33.Qxh3+ Kg7 34.Qh6+ Kg8 35.Qg5+ Kh8 36.Rh6+  1-0

[Event "13th Venice Autumn"]
[Site "Venice ITA"]
[Date "2007.11.01"]
[Round "1"]
[White "Pastres,R"]
[Black "Rombaldoni,Ax"]
[Result "0-1"]
[WhiteElo "2119"]
[BlackElo "2399"]

1.e4 c5 2.Nf3 Nc6 3.Bb5 Qb6 4.Ba4 e6 5.O-O Nge7 6.c3 d6 7.d4 cxd4 8.cxd4 d5
9.Nc3 dxe4 10.Ne5 Nd5 11.Qh5 g6 12.Qh4 Bg7 13.Qxe4 O-O 14.Rd1 Nce7 15.Bb3 Nf6
16.Qf3 Nf5 17.Bg5 Nd7 18.Qe4 Nxd4 19.Nxd7 Bxd7 20.Be3 e5 21.Nd5 Qd6 22.Rac1 Ne2+
23.Kh1 Nxc1 24.Nb6 Qxd1+ 25.Bxd1 axb6 26.a3 Bf5 27.Qxb7 Nd3 28.g4 Be6 29.Qxb6 Rab8
30.Qa5 Nxb2 31.Be2 Nc4 32.Bxc4 Bxc4 33.Kg2 Ra8 34.Qb4 Bd5+ 35.f3 Rfb8 36.Qd6 Be6
37.h4 Rb3 38.Bc5 Rc8 39.Bb4 e4 40.h5 Rc2+ 41.Kg3 Rxf3+  0-1

[Event "7th Rohde Open"]
[Site "Sautron FRA"]
[Date "2007.11.02"]
[Round "8"]
[White "Potkin,V"]
[Black "Malakhatko,V"]
[Result "1/2-1/2"]
[WhiteElo "2612"]
[BlackElo "2603"]

1.e4 c5 2.Nf3 Nc6 3.Bb5 d6 4.O-O Bd7 5.Re1 Nf6 6.c3 a6 7.Bf1 Bg4 8.d3 e6
9.Nbd2 Be7 10.h3 Bh5 11.g4 Bg6 12.Nh4 Nd7 13.Nxg6 hxg6 14.f4 e5 15.f5 Bg5
16.Nf3 Bxc1 17.Rxc1 Qb6 18.Qb3  1/2-1/2

[Event "7th Rohde Open"]
[Site "Sautron FRA"]
[Date "2007.11.02"]
[Round "8"]
[White "Babaev,Ra"]
[Black "Maze,S"]
[Result "1/2-1/2"]
[WhiteElo "2444"]
[BlackElo "2576"]

1.e4 c5 2.Nf3 Nc6 3.Bb5 e6 4.O-O Nge7 5.c3 a6 6.Ba4 b5 7.Bc2 d5 8.e5 d4 9.Qe2 Nd5
10.Be4 Bb7 11.d3 Be7 12.cxd4 Nxd4 13.Nxd4 cxd4 14.Nd2 Qb6 15.a4 O-O 16.Nf3 Rfc8
17.h4 h6 18.h5 Kh8 19.Nh2 Bf8 20.axb5 axb5 21.Rxa8 Bxa8 22.Qf3 Qa7 23.g4 Qe7
24.Qg3 Rc2 25.Nf3 Qc7 26.Bd2 Rxb2 27.g5 hxg5 28.Qxg5 Be7 29.Qg3 Nc3 30.Re1 Bxe4
31.dxe4 d3 32.h6 g6 33.Qf4 Ne2+ 34.Rxe2 dxe2 35.Qxf7 Bd8 36.Qf8+ Kh7 37.Bb4 Rb3
38.Kg2 Rxb4 39.Qxb4 Qf7 40.Qxb5 Qxf3+ 41.Kxf3 e1=Q 42.Qd7+ Kxh6 43.Qxd8 Qh1+
44.Ke3 Qe1+ 45.Kf3 Qh1+  1/2-1/2

[Event "VIII Int Rapid"]
[Site "El Sauzal ESP"]
[Date "2007.11.03"]
[Round "1"]
[White "Dgebuadze,A"]
[Black "Rivas Crespo,A"]
[Result "1-0"]
[WhiteElo "2505"]
[BlackElo "1867"]

1.e4 c5 2.Nf3 Nc6 3.Bb5 Nf6 4.Nc3 a6 5.Bxc6 bxc6 6.O-O d6 7.e5 Ng4 8.Qe2 dxe5
9.Nxe5 Nxe5 10.Qxe5 Qd6 11.Qe3 g6 12.Ne4 Qd4 13.Nxc5 Qxe3 14.dxe3 Bg7 15.Rb1 O-O
16.b3 Rb8 17.Bb2 Bxb2 18.Rxb2 Rb5 19.b4 a5 20.c3 Bf5 21.a4 Rb6 22.e4 Be6
23.Rfb1 Rfb8 24.f3 Kf8 25.Kf2 Ke8 26.Ke3 Bc4 27.Kd4 Be6 28.Kd3 axb4 29.Rxb4 Rd8+
30.Ke3 Rxb4 31.cxb4 Bc4 32.Rc1 Ba2 33.Rc2 Bb1 34.Rb2 Rd1 35.a5  1-0

[Event "13th Venice Autumn"]
[Site "Venice ITA"]
[Date "2007.11.03"]
[Round "4"]
[White "Timoshenko,G"]
[Black "Bosiocic,Mari"]
[Result "1/2-1/2"]
[WhiteElo "2544"]
[BlackElo "2491"]

1.e4 c5 2.Nf3 Nc6 3.Bb5 d6 4.O-O Bd7 5.c3 Nf6 6.Re1 a6 7.Ba4 c4 8.Na3 b5
9.Bc2 Qc7 10.b3 Ne5 11.Nxe5 dxe5 12.bxc4 bxc4 13.Qe2 Rc8 14.d3 cxd3 15.Bxd3 e6
16.Rb1 Bc5 17.Rb3 O-O 18.Bxa6 Ra8 19.Bd3 Ba4 20.Nb5 Qa5 21.Rb2 Rfd8 22.Bg5 Be7
23.Bd2 Nd7 24.Bb1 Nc5 25.c4 Qb6 26.Be3 Qc6 27.Rd2 h6 28.Rxd8+ Rxd8 29.Bd2 Bg5
30.Ba5 Ra8 31.Bc3 Nd7 32.Bb2 Rb8 33.Bd3 Be7 34.g3 Bc5 35.Rc1 Ra8 36.Bc3 Qb6
37.Rb1 Qd8 38.Rb2 Qc8 39.Qd2 Be7 40.h4 f6 41.Qe2 Nc5 42.Bb1 Qc6 43.Bb4 Rd8
44.Rd2 Rb8 45.a3 Bf8 46.Bxc5 Bxc5 47.Bc2 Bxb5 48.cxb5 Qxb5 49.Qg4 Qc6 50.a4  1/2-1/2

[Event "13th Venice Autumn"]
[Site "Venice ITA"]
[Date "2007.11.04"]
[Round "5"]
[White "Pastres,R"]
[Black "Zarpellon,D"]
[Result "1-0"]
[WhiteElo "2119"]
[BlackElo "2001"]

1.e4 c5 2.Nf3 Nc6 3.Bb5 a6 4.Bxc6 dxc6 5.d3 Qc7 6.Be3 e5 7.h3 Nf6 8.Nc3 b5
9.O-O Bd6 10.Bg5 Be6 11.a4 b4 12.Ne2 Nd7 13.Nd2 h6 14.Be3 g5 15.Ng3 O-O-O
16.a5 Rdg8 17.c3 h5 18.cxb4 cxb4 19.Rc1 c5 20.Nf5 Bf8 21.d4 Qxa5 22.dxc5 Bxf5
23.exf5 Rh6 24.Nc4 Qb5 25.Qd5 Qc6 26.Nd6+ Kc7 27.Qxf7 Rgh8 28.Qa2 Kb8 29.Nf7 Kb7
30.Nxh8 Rxh8 31.Qf7 g4 32.Rfd1 Kc7 33.Rd6 Qb5 34.c6 Bxd6 35.Qxd7+  1-0

[Event "Open"]
[Site "Liberec CZE"]
[Date "2007.11.12"]
[Round "3"]
[White "Strzelczyk,P"]
[Black "Normann,O"]
[Result "1/2-1/2"]
[WhiteElo "1734"]
[BlackElo "1969"]

1.e4 c5 2.Nf3 Nc6 3.Bb5 g6 4.O-O Bg7 5.Re1 Nf6 6.c3 a6 7.Ba4 O-O 8.d4 cxd4
9.cxd4 b5 10.Bc2 d5 11.e5 Ng4 12.Nc3 Nh6 13.h3 Na5 14.Nxd5 Bb7 15.Nc3 e6
16.Be4 Bxe4 17.Rxe4 Nf5 18.d5 exd5 19.Qxd5 Qxd5 20.Nxd5 Rfd8 21.Nb4 Rd1+
22.Kh2 Rc8 23.Re1 Bxe5+ 24.Rxe5 Rdxc1 25.Rxc1 Rxc1 26.Nxa6 Nd6 27.Nd4 Nc6
28.Nxc6 Rxc6 29.Nb4 Rc4 30.a3 Rc1 31.Rd5 Nc4 32.Rxb5 Nxb2 33.Ra5 Ra1 34.Nc2 Ra2
35.Nb4 Ra1 36.Nc2 Ra2 37.Nb4 Ra1 38.Nc2  1/2-1/2

[Event "ch-IND w"]
[Site "Pune IND"]
[Date "2007.11.12"]
[Round "8"]
[White "Gomes,Ma"]
[Black "Kiran,M"]
[Result "1/2-1/2"]
[WhiteElo "2262"]
[BlackElo "2263"]

1.e4 c5 2.Nf3 Nc6 3.Bb5 e6 4.O-O Nge7 5.c3 a6 6.Ba4 b5 7.Bc2 d5 8.exd5 Nxd5
9.d4 cxd4 10.Nxd4 Nxd4 11.Qxd4 Qf6 12.Qe4 Bb7 13.c4 bxc4 14.Ba4+ Kd8 15.Bd2 Bd6
16.Na3 c3 17.Bxc3 Qf4 18.Qxf4 Bxf4 19.Nc4 Rc8 20.Ba5+ Ke7 21.Nb6 Nxb6 22.Bxb6 Be5
23.Rad1 Bc6 24.Bc5+ Kf6 25.Bxc6 Rxc6 26.b4 a5 27.f4 Bc3 28.a3 Kg6 29.Rd3 axb4
30.axb4 Bf6 31.f5+ exf5 32.Rg3+ Kh6 33.Be3+ g5 34.Rxf5 Rg8 35.h4 Bd8 36.hxg5+ Kg7
37.b5 Re6 38.Bd4+ Kg6 39.Rf6+ Kh5 40.Rxe6 fxe6 41.b6 e5 42.Be3 Rg7 43.Rh3+ Kg4
44.Kf2 Rb7 45.Rh6 Bxg5 46.Bxg5 Kxg5 47.Rc6 Kf4 48.Rc4+ e4 49.Rb4 h6 50.g3+ Kf5
51.Ke3 Kg4 52.Kf2 Kf5 53.Rb3 Kg4 54.Rb4 Kf5 55.Ke3 Kg4 56.Kxe4 Kxg3 57.Kf5 Kf3
58.Rb3+ Ke2 59.Ke4 Kf2 60.Kf4 Ke2 61.Ke5 h5 62.Rb2+ Ke3 63.Rb3+ Ke2 64.Kd5 Kf2
65.Kc6 Rxb6+ 66.Rxb6 h4 67.Kd5 h3 68.Ke4 h2 69.Rh6 Kg2  1/2-1/2

[Event "WYb16"]
[Site "Kemer TUR"]
[Date "2007.11.18"]
[Round "1"]
[White "Gijsen,S"]
[Black "Chirila,I"]
[Result "0-1"]
[WhiteElo "2084"]
[BlackElo "2423"]

1.e4 c5 2.Nf3 Nc6 3.Bb5 d6 4.d4 cxd4 5.Qxd4 Bd7 6.Bxc6 Bxc6 7.Nc3 Nf6 8.Bg5 e6
9.O-O-O Be7 10.Rhe1 Qa5 11.Qd2 h6 12.Bh4 O-O-O 13.Kb1 Kb8 14.Nd4 Bd7 15.Bg3 Qb6
16.f4 Ka8 17.Qe2 Rc8 18.Qf3 Rhe8 19.f5 Rc4 20.Bf2 Qa5 21.fxe6 fxe6 22.Nb3 Qc7
23.Rd4 e5 24.Rd3 g6 25.Nd2 Rc6 26.Nb5 Qc8 27.Ra3 a6 28.Qd3  0-1

[Event "WYb18"]
[Site "Kemer TUR"]
[Date "2007.11.18"]
[Round "1"]
[White "Lehmann,A"]
[Black "Hesham,A"]
[Result "1-0"]
[WhiteElo "2252"]
[BlackElo "1982"]

1.e4 c5 2.Nf3 Nc6 3.Bb5 e6 4.Bxc6 bxc6 5.O-O g6 6.Nc3 d5 7.e5 Bg7 8.d3 Qc7
9.Re1 h6 10.b3 Ne7 11.Na4 Qa5 12.Bd2 Qc7 13.Nxc5 O-O 14.a4 a5 15.c3 Rd8 16.d4 Ba6
17.h4 Kh7 18.h5 g5 19.Bxg5  1-0

[Event "WYg16"]
[Site "Kemer TUR"]
[Date "2007.11.20"]
[Round "3"]
[White "Vetrila,S"]
[Black "Girya,O"]
[Result "0-1"]
[WhiteElo "2028"]
[BlackElo "2338"]

1.e4 c5 2.Nf3 Nc6 3.Bb5 g6 4.Bxc6 dxc6 5.d3 Bg7 6.h3 Nh6 7.Nc3 f6 8.Be3 b6
9.Qd2 Nf7 10.O-O e5 11.Ne2 O-O 12.c3 f5 13.Qc2 f4 14.Bc1 g5 15.d4 cxd4 16.cxd4 exd4
17.Qxc6 Ba6 18.Re1 Bd3 19.Qa4 Rc8 20.Nexd4 Rc4 21.Qb3 Bxd4 22.Rd1 Be2 23.Rd2 Qc7  0-1

[Event "ch-UKR Final"]
[Site "Kharkov UKR"]
[Date "2007.11.20"]
[Round "4"]
[White "Arzumanian,G"]
[Black "Kuzubov,Y"]
[Result "1/2-1/2"]
[WhiteElo "2493"]
[BlackElo "2582"]

1.e4 c5 2.Nf3 Nc6 3.Bb5 g6 4.Bxc6 dxc6 5.d3 Bg7 6.h3 Nf6 7.Nc3 O-O 8.Be3 Nd7
9.Qd2 e5 10.O-O Re8 11.Nh2 b6 12.f4 exf4  1/2-1/2